[Event "AUTO-OPEN-4562"]
[Site "http://www.queenalice.com/game.php?id=1848145"]
[Date "2024.12.1"]
[Round "1"]
[White "Shizumaru_Hisame"]
[Black "jlpbarreto"]
[Result "1-0"]
[WhiteElo "1992"]
[BlackElo "1970"]

1. e4 e6 2. e5 d5 3. d4 c5 4. c3 Nc6 5. Bb5 Qb6 6. Na3 Ne7 7. Be3 Nf5 8. dxc5
Bxc5 9. Bxc5 Qxc5 10. Qe2 a6 11. Bxc6+ bxc6 12. O-O-O O-O 13. h4 1-0

[Event "AUTO-MASTER-3241"]
[Site "http://www.queenalice.com/game.php?id=1848329"]
[Date "2024.12.5"]
[Round "1"]
[White "rockaudrey"]
[Black "jlpbarreto"]
[Result "1-0"]
[WhiteElo "2001"]
[BlackElo "1988"]

1. e4 e6 2. Nf3 d5 3. d3 Nf6 4. Be2 dxe4 5. Ng5 Be7 6. Nc3 O-O 7. Ngxe4 Nbd7 8.
O-O b6 9. Nxf6+ Nxf6 10. Bg5 Bb7 11. Bf3 Bxf3 12. Qxf3 a6 13. Rad1 h6 14. Bc1
Nd5 15. Qg3 Nxc3 16. bxc3 Bd6 17. Qg4 Qf6 18. Rfe1 Bc5 19. d4 Bd6 20. Rd3 Qf5
21. Qxf5 exf5 22. Rf3 Rfe8 23. Rfe3 Rxe3 24. fxe3 Re8 25. h3 b5 26. Kf2 1-0

[Event "AUTO-MASTER-3241"]
[Site "http://www.queenalice.com/game.php?id=1848330"]
[Date "2024.12.5"]
[Round "1"]
[White "jlpbarreto"]
[Black "rockaudrey"]
[Result "0-1"]
[WhiteElo "2005"]
[BlackElo "1984"]

1. c4 Nf6 2. g3 g6 3. Nc3 d6 4. Bg2 Bg7 5. Nf3 O-O 6. O-O Bf5 7. h3 Qd7 8. Kh2
Nc6 9. a3 a5 10. d3 d5 11. cxd5 Nxd5 12. Nxd5 Qxd5 13. e4 Bxe4 14. dxe4 Qxe4 15.
Re1 Qf5 16. Qb3 Rab8 17. Bd2 Rfd8 18. Bc3 e5 19. Rad1 Nd4 20. Bxd4 exd4 21. Qd3
Qxd3 22. Rxd3 c5 23. a4 c4 24. Rdd1 b5 25. axb5 d3 0-1

[Event "AUTO-MASTER-3241"]
[Site "http://www.queenalice.com/game.php?id=1848345"]
[Date "2024.12.5"]
[Round "1"]
[White "rmvwoods"]
[Black "jlpbarreto"]
[Result "1-0"]
[WhiteElo "2100"]
[BlackElo "1955"]

1. e4 e6 2. d3 d5 3. Qe2 Nf6 4. Nf3 c5 5. e5 Nfd7 6. g3 Nc6 7. Bg2 Qb6 8. b3 Qc7
9. Bb2 g6 10. c3 Bg7 11. d4 cxd4 12. cxd4 O-O 13. Nbd2 f6 14. exf6 Nxf6 15. O-O
b6 16. Ng5 Re8 17. Rac1 Qd6 18. Ndf3 1-0

[Event "AUTO-MASTER-3241"]
[Site "http://www.queenalice.com/game.php?id=1848346"]
[Date "2024.12.5"]
[Round "1"]
[White "jlpbarreto"]
[Black "rmvwoods"]
[Result "0-1"]
[WhiteElo "1945"]
[BlackElo "2108"]

1. c4 c5 2. g3 Nc6 3. Bg2 g6 4. Nf3 Bg7 5. Nc3 Nf6 6. O-O O-O 7. Rb1 b6 8. b3
Bb7 9. Bb2 d5 10. e3 d4 11. exd4 cxd4 12. Nb5 d3 13. Re1 Nb4 14. Nbd4 Be4 15. a3
Nc2 16. Rxe4 Nxe4 17. Nxc2 dxc2 18. Qxc2 Nf6 19. Re1 e6 0-1

[Event "AUTO-MASTER-3241"]
[Site "http://www.queenalice.com/game.php?id=1848357"]
[Date "2024.12.5"]
[Round "1"]
[White "jlpbarreto"]
[Black "Tonto"]
[Result "0-1"]
[WhiteElo "1946"]
[BlackElo "1979"]

1. c4 Nc6 2. g3 Nf6 3. Bg2 e5 4. Nc3 Be7 5. Nf3 d5 6. cxd5 Nxd5 7. O-O O-O 8. d3
Bf6 9. Ne4 Bf5 10. Nfd2 Be6 11. Rb1 a5 12. Nc5 Bc8 13. Bxd5 Qxd5 14. Nce4 Be7
15. Qb3 Qxb3 16. axb3 Nd4 17. e3 Ne2+ 18. Kg2 f5 19. Nc3 Nxc1 0-1

[Event "AUTO-MASTER-3241"]
[Site "http://www.queenalice.com/game.php?id=1848358"]
[Date "2024.12.5"]
[Round "1"]
[White "Tonto"]
[Black "jlpbarreto"]
[Result "1-0"]
[WhiteElo "2019"]
[BlackElo "1936"]

1. e4 e6 2. d4 d5 3. Nc3 c5 4. Bb5+ Nc6 5. Nf3 Qb6 6. Ne5 Bd7 7. Nxd7 Kxd7 8.
exd5 exd5 9. Qg4+ Kd8 10. O-O Nf6 11. Bg5 Be7 12. Bxf6 Bxf6 13. Qh5 Ne7 14. Qxf7
1-0

[Event "AUTO-ADV-4848"]
[Site "http://www.queenalice.com/game.php?id=1852484"]
[Date "2025.2.20"]
[Round "1"]
[White "Tartenfou93"]
[Black "jlpbarreto"]
[Result "0-1"]
[WhiteElo "1923"]
[BlackElo "1973"]

1. d4 Nf6 2. Bf4 d5 3. e3 c5 4. c3 Qb6 5. Qb3 c4 6. Qc2 g6 7. h3 Bf5 8. Qd2 Nc6
9. g4 Bd7 10. g5 Ne4 11. Qe2 Bg7 12. f3 Nd6 13. e4 dxe4 14. fxe4 e5 15. dxe5
Nxe5 16. Na3 Nd3+ 17. Kd1 Nxf4 18. Qc2 O-O 19. Nxc4 Nxc4 20. Bxc4 Be6 21. Bxe6
fxe6 22. Nf3 Qe3 23. Nd2 Rad8 24. Re1 Qxh3 25. Kc1 Nd3+ 26. Kd1 Nxe1 27. Kxe1
Qe3+ 28. Kd1 Rf1# 0-1

[Event "AUTO-ADV-4848"]
[Site "http://www.queenalice.com/game.php?id=1852485"]
[Date "2025.2.20"]
[Round "1"]
[White "jlpbarreto"]
[Black "Tartenfou93"]
[Result "0-1"]
[WhiteElo "1993"]
[BlackElo "1971"]

1. e4 c6 2. d4 d5 3. exd5 cxd5 4. Bd3 Nf6 5. h3 Nc6 6. c3 Qc7 7. Nf3 e6 8. Nbd2
Bd6 9. O-O O-O 10. Re1 e5 11. dxe5 Nxe5 12. Bc2 b6 13. Nd4 Bb7 14. Nb5 Qc6 15.
Nxd6 Qxd6 16. Nb3 Rad8 17. Nd4 Ne4 18. Be3 f5 19. Qe2 f4 20. Nb5 Qg6 21. Bd4 f3
22. Qf1 fxg2 23. Qxg2 Nf3+ 24. Kh1 Qxg2+ 25. Kxg2 Nxe1+ 26. Rxe1 Rde8 27. Bb3
Re6 28. Nxa7 Rg6+ 29. Kf1 Ba6+ 30. c4 Nd2+ 31. Ke2 Nxb3 32. axb3 dxc4 33. bxc4
Bxc4+ 34. Kd2 Rd6 35. Kc3 b5 36. Re7 Rf3+ 37. Kb4 Rxd4 0-1

[Event "AUTO-ADV-4848"]
[Site "http://www.queenalice.com/game.php?id=1852494"]
[Date "2025.2.20"]
[Round "1"]
[White "jlpbarreto"]
[Black "marcoswerneck"]
[Result "1-0"]
[WhiteElo "1960"]
[BlackElo "1927"]

1. e4 e5 2. Nf3 d6 3. Bc4 h6 4. O-O g5 5. d4 g4 6. Ne1 f6 7. dxe5 fxe5 8. f4 Bg7
9. fxe5 Bxe5 10. Bf7+ Ke7 11. Nd3 Nf6 12. Bb3 Nxe4 13. Qe2 Nf6 14. Nxe5 dxe5 15.
Qxe5+ Be6 16. Qxe6+ 1-0

[Event "AUTO-ADV-4848"]
[Site "http://www.queenalice.com/game.php?id=1852495"]
[Date "2025.2.20"]
[Round "1"]
[White "marcoswerneck"]
[Black "jlpbarreto"]
[Result "0-1"]
[WhiteElo "1860"]
[BlackElo "1952"]

1. e4 c5 2. d3 g6 3. Nc3 Bg7 4. Bd2 Nc6 5. Nf3 d6 6. h3 Nf6 7. g4 e5 8. Nd5 b5
9. a3 Nxd5 10. exd5 Ne7 11. c4 bxc4 12. Be2 cxd3 13. Bxd3 Nxd5 14. Bc4 Nb6 15.
Qb3 O-O 16. O-O-O Nxc4 17. Qxc4 Be6 18. Qe2 Rb8 19. Bc3 Qb6 20. Rd2 h6 21. Kd1
Rfd8 22. Ke1 Qb5 23. Qxb5 Rxb5 24. Kf1 Bf6 25. Kg2 Be7 26. Rhd1 Bb3 27. Re1 f6
28. Nh4 Kf7 29. Kg3 d5 30. Rde2 d4 31. Bd2 Bc4 32. Re4 Bd3 33. Bc1 Bxe4 34. Rxe4
Kg7 35. Ng2 Rd7 36. h4 c4 37. g5 h5 38. Ne1 f5 39. Re2 d3 40. Rd2 Bxa3 41. bxa3
Rb1 42. Nxd3 Rxc1 43. Nxc1 Rxd2 44. f3 Rc2 0-1

[Event "AUTO-ADV-4816"]
[Site "http://www.queenalice.com/game.php?id=1855519"]
[Date "2025.4.13"]
[Round "2"]
[White "jlpbarreto"]
[Black "BeatifulDevil56"]
[Result "0-1"]
[WhiteElo "1968"]
[BlackElo "2157"]

1. e4 e6 2. Nf3 d5 3. exd5 exd5 4. Be2 Nf6 5. O-O Be6 6. b3 c5 7. Bb2 Nc6 8. a4
Bd6 9. d4 O-O 10. dxc5 Bxc5 11. Nbd2 Rc8 12. Rc1 Qc7 13. h3 Qf4 14. Nh2 Ne4 15.
Nxe4 dxe4 16. Qe1 Nd4 17. g3 Nxe2+ 18. Qxe2 Qxg3+ 0-1

[Event "AUTO-ADV-4816"]
[Site "http://www.queenalice.com/game.php?id=1855520"]
[Date "2025.4.13"]
[Round "2"]
[White "BeatifulDevil56"]
[Black "jlpbarreto"]
[Result "1-0"]
[WhiteElo "2166"]
[BlackElo "1960"]

1. Nf3 Nf6 2. d4 d5 3. Nc3 h6 4. e3 Bf5 5. Bd3 Ne4 6. Qe2 e6 7. Bxe4 dxe4 8. Nd2
Qg5 9. O-O Qg6 10. Qb5+ Nd7 11. Qxb7 Rb8 12. Qxc7 e5 13. Ne2 Bd6 14. Qc6 exd4
15. Nxd4 Ke7 16. Nc4 Rhc8 17. Nxf5+ Qxf5 18. Qxd6+ 1-0

[Event "AUTO-ADV-4816"]
[Site "http://www.queenalice.com/game.php?id=1855521"]
[Date "2025.4.13"]
[Round "2"]
[White "jlpbarreto"]
[Black "Capixaba789"]
[Result "1-0"]
[WhiteElo "1971"]
[BlackElo "1898"]

1. e4 e5 2. Bc4 Nf6 3. d3 Be7 4. Nf3 d6 5. Nbd2 c5 6. O-O Nc6 7. c3 O-O 8. Re1
a6 9. Bb3 Bd7 10. Nf1 b5 11. Ng3 a5 12. Nf5 a4 13. Bc2 Bxf5 14. exf5 Qc8 15. Nh4
Nd5 16. Nf3 Bf6 17. Nd2 Qxf5 18. Nf3 Be7 19. d4 e4 20. h3 Qh5 21. Nh2 Qxd1 22.
Rxd1 Nf6 23. dxc5 dxc5 24. Bg5 h6 25. Bxf6 Bxf6 26. Rd7 b4 27. Ng4 bxc3 28.
Nxf6+ gxf6 29. bxc3 f5 30. Rd6 Ne5 31. Rxh6 f6 32. Rh5 Kf7 33. Rxf5 Rg8 34. Bxe4
Rab8 35. Bd5+ Ke7 36. Bxg8 Rxg8 37. Re1 Ke6 38. Rh5 Kf7 39. Kf1 1-0

[Event "AUTO-ADV-4816"]
[Site "http://www.queenalice.com/game.php?id=1855522"]
[Date "2025.4.13"]
[Round "2"]
[White "Capixaba789"]
[Black "jlpbarreto"]
[Result "0-1"]
[WhiteElo "1845"]
[BlackElo "1964"]

1. e4 c5 2. Nf3 Nc6 3. Be2 g6 4. O-O Bg7 5. d3 e6 6. Be3 Bxb2 7. Bxc5 Bxa1 8.
Na3 Bg7 9. Nc4 Bf8 10. Bxf8 Kxf8 11. Qa1 Qf6 12. e5 Qg7 13. Nd6 h5 14. d4 Nh6
15. c4 Nf5 16. Ng5 Nxd6 17. exd6 Qxd4 18. Qe1 Qxd6 19. f4 b6 20. Bf3 Bb7 21. Qc3
Qd4+ 22. Qxd4 Nxd4 23. Bxb7 Rb8 24. Ba6 Ke7 25. Rd1 Ne2+ 26. Kf2 Nxf4 27. Bb5
Rhd8 28. Nf3 d5 29. cxd5 Nxd5 30. Re1 Nc3 31. Bc4 b5 32. Bb3 Rbc8 33. h3 a5 0-1

[Event "AUTO-ADV-4848"]
[Site "http://www.queenalice.com/game.php?id=1859464"]
[Date "2025.7.5"]
[Round "2"]
[White "jlpbarreto"]
[Black "Tartenfou93"]
[Result "0-1"]
[WhiteElo "1984"]
[BlackElo "2031"]

1. e4 c6 2. d4 d5 3. exd5 cxd5 4. Bd3 Nf6 5. h3 Nc6 6. c3 e5 7. dxe5 Nxe5 8. Bc2
Bc5 9. Ne2 O-O 10. O-O Re8 11. a4 Nh5 12. Kh1 Qh4 13. Be3 Bxh3 14. gxh3 Qxh3+
15. Kg1 Nf3# 0-1

[Event "AUTO-ADV-4848"]
[Site "http://www.queenalice.com/game.php?id=1859465"]
[Date "2025.7.5"]
[Round "2"]
[White "Tartenfou93"]
[Black "jlpbarreto"]
[Result "1-0"]
[WhiteElo "2059"]
[BlackElo "1970"]

1. d4 Nf6 2. Nf3 g6 3. Nc3 Bg7 4. e4 d6 5. h3 O-O 6. Be3 h6 7. Qd2 Kh7 8. Bd3
Nbd7 9. O-O-O a6 10. g4 e5 11. g5 Ng8 12. h4 h5 13. dxe5 dxe5 14. Bc4 Qe7 15.
Nd5 1-0

[Event "AUTO-ADV-4848"]
[Site "http://www.queenalice.com/game.php?id=1859466"]
[Date "2025.7.5"]
[Round "2"]
[White "jlpbarreto"]
[Black "wdcarver"]
[Result "1-0"]
[WhiteElo "1968"]
[BlackElo "1806"]

1. e4 e5 2. Nf3 Nc6 3. Bc4 Bc5 4. d3 d6 5. c3 a6 6. Bb3 Bg4 7. Nbd2 Nf6 8. O-O
Bb6 9. Re1 Qe7 10. Nf1 O-O-O 11. Ne3 Bxe3 12. Bxe3 h6 13. Qe2 Kb8 14. Bd1 Qd7
15. b4 1-0

[Event "AUTO-ADV-4848"]
[Site "http://www.queenalice.com/game.php?id=1859467"]
[Date "2025.7.5"]
[Round "2"]
[White "wdcarver"]
[Black "jlpbarreto"]
[Result "0-1"]
[WhiteElo "1816"]
[BlackElo "1958"]

1. d4 Nf6 2. c4 g6 3. Nc3 Bg7 4. Bf4 O-O 5. Nf3 d6 6. h3 Nbd7 7. e3 c5 8. Rc1
Nh5 9. Bh2 cxd4 10. Nxd4 Nc5 11. Be2 Nf6 12. Bf3 Rb8 13. O-O a6 0-1